Магістралі прогресу і тупики "деідеологізації" (Запис № 334003)
[ простий вигляд ]
| 000 -LEADER | |
|---|---|
| fixed length control field | 00698nam a22002417a 4500 |
| 001 - CONTROL NUMBER | |
| control field | 47897 |
| 003 - CONTROL NUMBER IDENTIFIER | |
| control field | UA-OsUOA |
| 005 - DATE AND TIME OF LATEST TRANSACTION | |
| control field | 20210707200418.0 |
| 007 - PHYSICAL DESCRIPTION FIXED FIELD--GENERAL INFORMATION | |
| fixed length control field | ta |
| 008 - FIXED-LENGTH DATA ELEMENTS--GENERAL INFORMATION | |
| fixed length control field | 20070822b un ||||| |||| 00| 0 ukr d |
| 040 ## - CATALOGING SOURCE | |
| Original cataloging agency | UA-OsUOA |
| Language of cataloging | ukr |
| Transcribing agency | UA-OsUOA |
| Modifying agency | UA-OsUOA |
| 041 ## - LANGUAGE CODE | |
| Language code of text/sound track or separate title | ukr |
| 080 ## - UNIVERSAL DECIMAL CLASSIFICATION NUMBER | |
| Universal Decimal Classification number | 82.09 |
| 090 ## - LOCALLY ASSIGNED LC-TYPE CALL NUMBER (OCLC); LOCAL CALL NUMBER (OCLC) | |
| Classification number (OCLC) (R) ; Classification number, CALL (RLIN) (NR) | 82.09 |
| Local cutter number (OCLC) ; Book number/undivided call number, CALL (RLIN) | Г68 |
| 100 ## - MAIN ENTRY--PERSONAL NAME | |
| Personal name | Гордієнко А. |
| 245 ## - TITLE STATEMENT | |
| Title | Магістралі прогресу і тупики "деідеологізації" |
| 260 ## - PUBLICATION, DISTRIBUTION, ETC. (IMPRINT) | |
| Place of publication, distribution, etc | К. |
| Date of publication, distribution, etc | 1975 |
| 300 ## - PHYSICAL DESCRIPTION | |
| Extent | 242 с. |
| 650 #7 - SUBJECT ADDED ENTRY--TOPICAL TERM | |
| Topical term or geographic name as entry element | 82 Література. Літературознавство |
| Source of heading or term | UDC |
| 942 ## - ADDED ENTRY ELEMENTS (KOHA) | |
| Koha item type | Книги |
| Source of classification or shelving scheme | Universal Decimal Classification |
| 955 ## - COPY-LEVEL INFORMATION (RLIN) | |
| Classification number, CCAL (RLIN) | Літературно-художні видання |
| Withdrawn status | Lost status | Source of classification or shelving scheme | Damaged status | Not for loan | Collection code | Home library | Current library | Date acquired | Source of acquisition | Cost, normal purchase price | Inventory number | Total Checkouts | Full call number | Barcode | Date last seen | Price effective from | Koha item type | Public note |
|---|---|---|---|---|---|---|---|---|---|---|---|---|---|---|---|---|---|---|
| Universal Decimal Classification | Колекція Жулинського М.Г. | ЧЗ - Читальна зала | ЧЗ - Читальна зала | 22/08/2007 | 142/2007 | 2.00 | 106494 | 82.09 Г68 | 106494 | 17/12/2021 | 22/08/2007 | Книги | ||||||
| Universal Decimal Classification | Колекція Жулинського М.Г. | ЧЗ - Читальна зала | ЧЗ - Читальна зала | 10/10/2007 | 142/2007 | 2.00 | 107971 | 82.09 Г68 | 107971 | 17/12/2021 | 10/10/2007 | Книги | з автографом А. Гордієнка |